| 000 | 00411cam a2200169ua 4500 | ||
|---|---|---|---|
| 001 | 3036 | ||
| 008 | 140828n II |||gr||||Z||||||asm | ||
| 040 | _aMAIN | ||
| 041 | _aEnglish | ||
| 082 | _a920 DAS | ||
| 100 | _aDAS, TARANATH. | ||
| 245 | _aDR. AMBEDKAR ARU TEUR JIBAN JURA SANGRAM | ||
| 260 |
_aJORHAT: _bANJANA BORA. |
||
| 300 |
_a81.: _c20CM. |
||
| 653 | _aBiography, genealogy & insignia | ||
| 942 | _cBK | ||
| 999 |
_c3024 _d3024 |
||